000 00512nam a2200145 a 4500
001 000026206
005 20200930024407.0
008 110304s1991 dr 000 0 spa d
040 _aDO-SdBNP
_bspa
_cBNPHU
100 1 _aValencia, Eugenio
_953217
245 1 0 _aMemorias y album de los primeros años de la iglesia adventista del 7mo en la República Dominicana /
_cEugenio Valencia.
260 _aSanto Domingo :
_bPublicaciones América,
_c1991.
300 _a72, [24] p. :
_bil., retrs. ;
_c21 cm.
049 _aBNPD
999 _c25698
_d25698